| 000 | 00729nam a2200205 u 4500 | ||
|---|---|---|---|
| 001 | 000033507 | ||
| 005 | 20200930070316.0 | ||
| 008 | 110830s1948 dr 000 0 spa d | ||
| 040 |
_aDO-SdBNP _bspa _cBNPHU |
||
| 082 |
_a379.22 _bB142r |
||
| 100 | 1 |
_aBáez Soler, Osvaldo _958229 |
|
| 245 | 1 | 0 |
_aRealidades dominicanas modernas / _cOsvaldo Báez Soler. |
| 260 |
_aCiudad Trujillo, : _bLius sánchez Andujar, _c1948. |
||
| 300 |
_a42 p. ; _c25 cm. |
||
| 590 | _aInventariado, 2018/ YL | ||
| 590 | _aPerteneció a la biblioteca personal de Martínez Boog | ||
| 650 | 4 |
_aEducación _zRepública Dominicana _9737 |
|
| 650 | 4 |
_aAlfabetización (educación) _zRepública Dominicana _959025 |
|
| 910 | _aValidado. Control de calidad MFF | ||
| 999 |
_c32998 _d32998 |
||